| 000 | 02385nam a22003377a 4500 | ||
|---|---|---|---|
| 005 | 20110729164238.0 | ||
| 010 | _aB-436158-162 | ||
| 020 |
_c20.00 _a8182632218 |
||
| 035 | _aB-436158-162 | ||
| 037 | _bब्लयूबेरी बुक्स | ||
| 082 | _a क | ||
| 100 |
_aराणे, ऊषा _931234 |
||
| 245 |
_aपेड़ / _cऊषा राणे; केतन राउत द्वारा चित्रांकित; मनीषा चौधरी द्वारा अनुदित |
||
| 250 | _a3रा संस्क. | ||
| 260 |
_aनई दिल्ली _bप्रथम बुक्स _c2009 |
||
| 270 |
_bनई दिल्ली _k 011-26182683 _l _m |
||
| 300 |
_a24पृ.; _c20सेमी (अजिल्द) _bसचित्र |
||
| 490 |
_a _931235 |
||
| 500 | _a | ||
| 700 |
_aराउत, केतन _930566 |
||
| 700 |
_aचौधरी, मनीषा _930567 |
||
| 700 |
_aसुहानेक, टीना _930568 |
||
| 942 |
_2ddc _cCH _mराणेऊ _h क |
||
| 999 |
_c54572 _d54572 |
||